000 01196cam a22002894a 4500
001 14688305
005 20080620140556.0
008 070108s2007 maua b 001 0 eng
010 _a 2007920395
020 _a0123725356
020 _a9780123725356
040 _aDLC
_cDLC
_dDLC
050 0 0 _aTK5103.2
_b.O34 2007
082 0 0 _a621.384
_222
_bOES
100 1 _aOestges, Claude.
_923354
245 1 0 _aMIMO Wireless Communications :
_bFrom Real-World Propagation to Space-Time Code Design /
_cClaude Oestges, Bruno Clerckx.
260 _aOxford :
_bAcademic Press/ Elsevier, 2007
_c2007.
300 _axxvii, 448 p. :
_bill. ;
_c25 cm.
504 _aIncludes bibliographical references (p.423-444) and index.
650 0 _aWireless communication systems.
_923355
653 _bEle
_cApril2011
700 1 _aClerckx, Bruno.
_923356
856 4 2 _3Publisher description
_uhttp://www.loc.gov/catdir/enhancements/fy0811/2007920395-d.html
942 _2ddc
_cBB
999 _c15184
_d15184